Central Library OPAC University of Rajshahi

The political dynamics of European economic integration / (Record no. 2942)

MARC details
000 -LEADER
fixed length control field 00945nam a2200265 a 4500
001 - CONTROL NUMBER
control field 2942
003 - CONTROL NUMBER IDENTIFIER
rucl marc code BD-RjUL
005 - DATE AND TIME OF LATEST TRANSACTION
control field 20211208233640.0
008 - FIXED-LENGTH DATA ELEMENTS--GENERAL INFORMATION
fixed length control field 131217r19681963caua b 001 0 eng
035 ## - SYSTEM CONTROL NUMBER
System control number (BD-RjUL)2970
040 ## - CATALOGING SOURCE
Original cataloging agency DLC
Transcribing agency WSU
Modifying agency m.c
-- SER
-- BD-RjUL
Language of cataloging eng
041 ## - LANGUAGE CODE
Language code of text/sound track or separate title eng
082 ## - DEWEY DECIMAL CLASSIFICATION NUMBER
Edition number 16
Classification number 337
Author mark and year LIP 1968
100 1# - MAIN ENTRY--PERSONAL NAME
Personal name Lindberg, Leon N.
9 (RLIN) 9397
245 14 - TITLE STATEMENT
Title The political dynamics of European economic integration /
Statement of responsibility, etc. Leon N. Lindberg.
260 ## - PUBLICATION, DISTRIBUTION, ETC. (IMPRINT)
Place of publication, distribution, etc. Stanford, Calif :
Name of publisher, distributor, etc. Stanford University Press ;
Place of publication, distribution, etc. Oxford University Press :
Name of publisher, distributor, etc. London,
Date of publication, distribution, etc. c1963 [reprinted 1968].
300 ## - PHYSICAL DESCRIPTION
Pagination xiv, 367 p. :
Illustrations tables ;
Size 24 cm.
504 ## - BIBLIOGRAPHY, ETC. NOTE
Bibliography, etc Includes Bibliographical reference and index.
610 20 - SUBJECT ADDED ENTRY--CORPORATE NAME
Corporate name or jurisdiction name as entry element European Economic Community
650 #0 - SUBJECT ADDED ENTRY--TOPICAL TERM
Topical term or geographic name as entry element European federation
9 (RLIN) 612
Topical term or geographic name as entry element Agriculture and state
Geographic subdivision European Economic Community countries
9 (RLIN) 9399
651 #0 - SUBJECT ADDED ENTRY--GEOGRAPHIC NAME
Geographic name Europe
General subdivision Economic integration
9 (RLIN) 9337
942 ## - ADDED ENTRY ELEMENTS (KOHA)
Source of classification or shelving scheme Dewey Decimal Classification
Koha item type Books
Holdings
Lost status Source of classification or shelving scheme Damaged status Not for loan Collection code Permanent Location Current Location Shelving location Date acquired Source of acquisition Total Checkouts Full call number Date last seen Copy number Koha item type
  Dewey Decimal Classification   Not For Loan Non-fiction Central Library, University of Rajshahi Central Library, University of Rajshahi Reading Room 10/01/1979 W.U.S   337 LIP 1968 17/12/2013 C-1 Books